Віталій Бойко: "Судова реформа - не справа чиновників, це стосується всіх громадян" (Record no. 331195)

MARC details
000 -Лідер
fixed length control field 00606nam a22002057a 4500
003 - Ідентифікатор контрольного номера
control field UA-OsUOA
001 - Контрольний номер
control field 45084
007 - Фіксоване поле фізичного опису
fixed length control field ta
008 - Елементи даних фіксованої довжини – загальна інформація
fixed length control field 20070327b un ||||| |||| 00| 0 ukr d
090 ## - Локальний шифр розміщення
Класифікаційний індекс УДК 34
Авторський знак (НП) Р-11
040 ## - Джерело каталогізації
Агенція оригінальної каталогізації UA-OsUOA
Агенція, яка здійснювала перезапис UA-OsUOA
Агенція, яка здійснювала модифікацію UA-OsUOA
080 ## - Індекс Універсальної десяткової класифікації
Індекс Універсальної десяткової класифікації (УДК) (НП) 34
100 ## - Основне введення – ім’я особи
Ім’я особи (НП) Ромашова Н.
245 ## - Відомості про назву
Назва (НП) Віталій Бойко: "Судова реформа - не справа чиновників, це стосується всіх громадян"
300 ## - Фізичний опис
Обсяг С.1
650 #7 - Додаткове предметне введення – тематичний термін
Тематичний термін чи географічна назва, як елемент введення (НП) 34 Право. Юриспруденція
Джерело заголовка чи терміна UDC
773 0# - Введення хост-одиниці (П)
Контрольний номер запису (П) 45083
942 ## - Додаткові елементи входу (Коха)
Тип елемента Koha Стаття періодики
955 ## - Код типу видання за змістом
Код типу видання за змістом (НП) інше

No items available.